00665nam a22002057a 450000500170000001000150001702000260003203500140005803700090007208200090008110000180009024500320010825000060014026000340014627000700018030000200025094200200027099900190029095201500030920260601114430.0 aENG-148663 a9789349042834c225.00 aEN-132195 bDBAD aN21 aShelley, Mary aFrankenstein/cMary Shelley a1 aChandigarhbThe Browserc2026 bChandigarhaSCO 14-15, Sector 8-Ce160009mservice@thebrowser.org a176p.c21cm(pb) 2ddccENhNmSHE c216425d216425 001040708FICaTNbTNd2026-06-01eDelivery of Books Act Divisiong225.00l0oN SHEpEN-132195r2026-06-01 11:44:58t 1v225.00w2026-06-01yEN